Švédske parlamentné voľby

Švédsko – parlamentná monarchia. Základná charakteristika švédskych politických strán. Výsledky švédskych parlamentných volieb v roku 2014.

Gespeichert in:
Bibliographische Detailangaben
1. Verfasser: Chuguryan, Simona, 1977-
Format: Buchkapitel
Sprache:Slowakisch
Schlagworte:
Tags: Tag hinzufügen
Keine Tags, Fügen Sie das erste Tag hinzu!

MARC

LEADER 00000nla a2200000 4500
001 0199062
005 20240502073350.2
041 0 |a slo 
044 |a SK 
245 1 0 |a Švédske parlamentné voľby  |c Simona Chuguryan 
520 |a Švédsko – parlamentná monarchia. Základná charakteristika švédskych politických strán. Výsledky švédskych parlamentných volieb v roku 2014. 
610 2 0 |a Švédsko 
610 2 0 |a voľby 
610 2 0 |a výsledky volebné 
610 2 0 |a 2014 
100 1 |a Chuguryan, Simona, 1977-